A-Z : Most Popular Albums on RYM (Rate Your Music) - Statistics

General Stats
  • This quiz has been taken 111 times
  • The average score is 21 of 26
Answer Stats
Letter Year Musical Act Album % Correct
A 1969 The Beatles Abbey Road
95%
O 1997 Radiohead OK Computer
89%
N 1991 Nirvana Nevermind
88%
C 2004 Kanye West The College Dropout
88%
D 1973 Pink Floyd The Dark Side of the Moon
88%
T 2015 Kendrick Lamar To Pimp a Butterfly
88%
G 2012 Kendrick Lamar good kid, m.A.A.d city
87%
I 2007 Radiohead In Rainbows
87%
R 1966 The Beatles Revolver
86%
E 1993 Wu-Tang Clan Enter the Wu-Tang (36 Chambers)
84%
F 2017 Tyler, The Creator Flower Boy
83%
P 1970 Black Sabbath Paranoid
83%
B 1995 Radiohead The Bends
82%
Q 1986 The Smiths The Queen Is Dead
82%
L 1991 My Bloody Valentine Loveless
81%
M 2010 Kanye West My Beautiful Dark Twisted Fantasy
81%
W 1975 Pink Floyd Wish You Were Here
81%
K 2000 Radiohead Kid A
80%
V 1967 The Velvet Underground & Nico The Velvet Underground & Nico
80%
Y 2013 Kanye West Yeezus
77%
S 1967 The Beatles Sgt. Pepper's Lonely Hearts Club Band
70%
J 2019 Kanye West JESUS IS KING
69%
U 1979 Joy Division Unknown Pleasures
68%
H 2003 Radiohead Hail to the Thief
66%
X 2011 Danny Brown XXX
53%
Z 2019 Denzel Curry Zuu
39%
No matching quizzes found
Score Distribution
Percent of People with Each Score
Percentile by Number Answered
Your Score History
You have not taken this quiz